Landlocked Countries by Lowest Highest Mountain - Statistics

General Stats
  • This quiz has been taken 481 times
    477 since last reset
  • The average score is 16 of 20
Answer Stats
m ft Mountain or Hill Country % Correct
75 246 Vatican Hill Vatican City
100%
2599 8527 Grauspitz Liechtenstein
85%
1603 5259 Sněžka Czech Republic
84%
1014 3327 Kékes Hungary
84%
2655 8711 Gerlachovský štít Slovakia
84%
430 1411 Bălănești Hill Moldova
83%
755 2477 Monte Titano San Marino
83%
2169 7116 Midžor Serbia
83%
560 1837 Kneiff Luxembourg
82%
842 2762 Cerro Peró Paraguay
82%
346 1135 Dzyarzhynskaya Hara Belarus
79%
1155 3789 Hombori Tondo Mali
78%
1420 4659 Mont Ngaoui Central African Republic
77%
2660 8728 Velika Rudoka Kosovo
76%
2022 6634 Mont Idoukal-n-Taghès Niger
75%
2329 7641 Mafinga Central Zambia
75%
2592 8504 Mount Nyangani Zimbabwe
75%
1491 4892 Otse Hill Botswana
73%
749 2457 Mount Tenakourou Burkina Faso
73%
1862 6109 Emlembe Eswatini
73%
No matching quizzes found
Score Distribution
Percent of People with Each Score
Percentile by Number Answered
Your Score History
You have not taken this quiz since the last reset